[Event "GBR-ch blitz (Women)"]
[Site "Birmingham"]
[Date "2019.11.16"]
[Round "1"]
[White "Arakhamia Grant, Ketevan"]
[Black "Jina, Asha"]
[Result "1-0"]
[WhiteElo "2218"]
[BlackElo "1510"]
[PlyCount "77"]
[EventDate "2019.11.16"]
[EventType "tourn (blitz)"]
[EventRounds "15"]
[EventCountry "ENG"]
[SourceTitle "CBM 193 Extra"]
[Source "ChessBase"]
[SourceDate "2020.01.31"]
[SourceVersion "1"]
[SourceVersionDate "2020.01.31"]
[SourceQuality "1"]

1. e4 e6 2. d4 d5 3. Nc3 Bb4 4. e5 c5 5. a3 Bxc3+ 6. bxc3 Ne7 7. Nf3 Nbc6 8. a4 Qb6 9. Be2 0-0 10. 0-0 Bd7 11. Ba3 cxd4 12. cxd4 Rfc8 13. Rb1 Qc7 14. Bd6 Qa5 15. Rxb7 Be8 16. Bxe7 Nxe7 17. Rxe7 Bxa4 18. Bd3 h6 19. Rb7 Qc3 20. Ne1 a5 21. Qf3 Rf8 22. Qg4 Rac8 23. Ra7 Bxc2 24. Bxc2 Qb4 25. Bd3 Rc6 26. Nc2 Qb6 27. Ra6 Qb7 28. Rxc6 Qxc6 29. Ne3 Qc3 30. Rd1 a4 31. Qe2 a3 32. Qc2 Qb4 33. Rb1 Qe7 34. Qb3 Ra8 35. Ra1 Qf8 36. Nc2 a2 37. Rxa2 Rxa2 38. Qxa2 Qc8 39. h3 1-0

[Event "BCF-ch U15"]
[Site "Bournemouth"]
[Date "2016.08.04"]
[Round "6"]
[White "Jina, Asha"]
[Black "Varney, Daniel"]
[Result "0-1"]
[WhiteElo "1572"]
[BlackElo "1574"]
[PlyCount "64"]
[EventDate "2016.07.31"]
[EventType "swiss"]
[EventRounds "7"]
[EventCountry "ENG"]
[SourceTitle "CBM 173 Extra"]
[Source "ChessBase"]
[SourceDate "2016.08.29"]
[SourceVersion "1"]
[SourceVersionDate "2016.08.29"]
[SourceQuality "1"]

1. e4 d6 2. d4 Nf6 3. Nc3 g6 4. f4 Bg7 5. Bd3 0-0 6. Nf3 c5 7. dxc5 dxc5 8. e5 Nd5 9. Ne4 Qb6 10. Bc4 Qb4+ 11. Nfd2 Ne3 12. c3 Qb6 13. Qb3 Nxg2+ 14. Kf2 Nxf4 15. Nf3 Bf5 16. Neg5 Qxb3 17. axb3 Nd3+ 18. Bxd3 Bxd3 19. Be3 h6 20. Nh3 Nd7 21. Nf4 Be4 22. e6 fxe6 23. Rhd1 Ne5 24. Nd2 Nd3+ 25. Kg3 Nxf4 26. Nxe4 Be5 27. Kg4 h5+ 28. Kg5 Rf5+ 29. Kh4 Ng2+ 30. Kh3 Nxe3 31. Rg1 Rf3+ 32. Ng3 Kg7 0-1

[Event "Gilbert Cup"]
[Site "Daventry"]
[Date "2016.07.18"]
[Round "3.6"]
[White "Jina, Asha"]
[Black "Smith, Sarah E"]
[Result "1/2-1/2"]
[WhiteElo "1572"]
[BlackElo "1471"]
[PlyCount "79"]
[EventDate "2016.07.17"]
[EventType "team-tourn"]
[EventRounds "5"]
[EventCountry "ENG"]
[SourceTitle "CBM 173 Extra"]
[Source "ChessBase"]
[SourceDate "2016.08.29"]
[SourceVersion "1"]
[SourceVersionDate "2016.08.29"]
[SourceQuality "1"]
[WhiteTeam "England (W) II"]
[BlackTeam "Scotland (W)"]
[WhiteTeamCountry "ENG"]
[BlackTeamCountry "SCO"]

1. Nf3 Nf6 2. g3 c5 3. c4 Nc6 4. Bg2 g6 5. 0-0 Bg7 6. Nc3 d6 7. d4 cxd4 8. Nxd4 Bd7 9. e4 0-0 10. Nb3 Qc8 11. Nd5 Nxd5 12. cxd5 Ne5 13. Bg5 Re8 14. Rc1 Qd8 15. Nd4 h6 16. Be3 Rc8 17. Qe2 Qa5 18. a3 Qa4 19. h3 Qa5 20. f4 Ng4 21. hxg4 Bxd4 22. Bxd4 Bb5 23. Qe1 Qa4 24. Bc3 Bxf1 25. Qxf1 Rc4 26. Bf3 Rec8 27. Bd1 Qd7 28. Qh3 Kh7 29. Qh1 Rd4 30. Ra1 Rdc4 31. g5 h5 32. Bxh5 Rxc3 33. Bg4+ Kg7 34. Bxd7 Rh8 35. Qxh8+ Kxh8 36. bxc3 Kg7 37. f5 gxf5 38. exf5 f6 39. gxf6+ Kxf6 40. Re1 1/2-1/2

[Event "Rotterdam Basamro blitz op "]
[Site "Rotterdam"]
[Date "2015.10.24"]
[Round "6"]
[White "Willson, Ollie"]
[Black "Jina, Asha"]
[Result "1-0"]
[WhiteElo "2044"]
[BlackElo "1510"]
[PlyCount "55"]
[EventDate "2015.10.24"]
[EventType "swiss (blitz)"]
[EventRounds "8"]
[EventCountry "NED"]
[SourceTitle "EXT 2018"]
[Source "ChessBase"]
[SourceDate "2017.10.13"]
[SourceVersion "1"]
[SourceVersionDate "2017.10.13"]
[SourceQuality "1"]

1. d4 Nf6 2. Nf3 g6 3. g3 Bg7 4. Bg2 d6 5. 0-0 0-0 6. c4 Nbd7 7. Nc3 e5 8. e4 Ne8 9. d5 f5 10. b4 Nef6 11. Ng5 Nb6 12. c5 Nc4 13. Qb3 dxc5 14. Qxc4 cxb4 15. Qxb4 f4 16. Ne6 Bxe6 17. dxe6 fxg3 18. hxg3 Re8 19. Rd1 Qc8 20. Bh3 Bf8 21. Qc4 Kh8 22. Bg5 Ng8 23. Rd7 c6 24. Rb1 Rb8 25. Na4 b5 26. Qc3 bxa4 27. Qxe5+ Bg7 28. Qxg7# 1-0

[Event "BCF-ch U14"]
[Site "Coventry"]
[Date "2015.08.06"]
[Round "6"]
[White "Boswell, Jacob Connor"]
[Black "Jina, Asha"]
[Result "0-1"]
[WhiteElo "1558"]
[BlackElo "1508"]
[PlyCount "154"]
[EventDate "2015.08.02"]
[EventType "swiss"]
[EventRounds "7"]
[EventCountry "ENG"]
[SourceTitle "CBM 167 Extra"]
[Source "ChessBase"]
[SourceDate "2015.09.14"]
[SourceVersion "1"]
[SourceVersionDate "2015.09.14"]
[SourceQuality "1"]

1. e4 e6 2. d4 d5 3. Nd2 Nc6 4. c3 e5 5. Ngf3 exd4 6. cxd4 Bb4 7. e5 Bg4 8. Bb5 Nge7 9. a3 Ba5 10. b4 Bb6 11. Bb2 0-0 12. Nb3 a6 13. Be2 Nf5 14. 0-0 Re8 15. h3 Bxf3 16. Bxf3 Nh4 17. Be2 Qg5 18. Bg4 f5 19. f4 Qe7 20. Bh5 g6 21. Be2 g5 22. Nc5 Bxc5 23. bxc5 gxf4 24. Rxf4 Qg5 25. Rf2 Kh8 26. Bc1 Qg7 27. Be3 Rg8 28. Bf3 Qg3 29. Kf1 f4 30. Bc1 Nxf3 31. Qxf3 Nxd4 32. Qxg3 fxg3 33. Rf6 Nb3 34. Bb2 Nxa1 35. Bxa1 Rgf8 36. Ke2 Rxf6 37. exf6 Kg8 38. Kf3 Kf7 39. Kxg3 Rd8 40. Bd4 Re8 41. Kf3 Re4 42. Bc3 Ra4 43. Bb2 Rc4 44. g4 h6 45. h4 d4 46. g5 hxg5 47. hxg5 d3 48. Ke3 Rxc5 49. Kxd3 Rxg5 50. Kc4 Rf5 51. a4 Rf4+ 52. Kb3 Rxf6 53. Bxf6 Kxf6 54. Kc4 Ke6 55. Kc5 Ke5 56. a5 Ke6 57. Kd4 Kd6 58. Kc4 Kc6 59. Kb4 Kd5 60. Kb3 Kc5 61. Ka4 Kc4 62. Ka3 Kb5 63. Kb3 Kxa5 64. Kc4 b5+ 65. Kb3 c5 66. Kc3 Ka4 67. Kb2 a5 68. Ka2 b4 69. Kb2 c4 70. Ka2 Kb5 71. Kb2 a4 72. Ka2 b3+ 73. Kb2 Kb4 74. Kb1 a3 75. Ka1 Kc3 76. Kb1 b2 77. Ka2 Kc2 0-1

[Event "BCF-chT3S 1415 (4NCL)"]
[Site "England"]
[Date "2015.01.10"]
[Round "3.10"]
[White "Jina, Asha"]
[Black "Asenov, Pavel"]
[Result "0-1"]
[WhiteElo "1545"]
[BlackElo "1932"]
[PlyCount "74"]
[EventDate "2014.11.15"]
[EventType "team-swiss"]
[EventRounds "6"]
[EventCountry "ENG"]
[SourceTitle "EXT 2016"]
[Source "ChessBase"]
[SourceDate "2015.10.08"]
[SourceVersion "1"]
[SourceVersionDate "2015.10.08"]
[SourceQuality "1"]
[WhiteTeam "Midland Monarchs II"]
[BlackTeam "Witney"]
[WhiteTeamCountry "ENG"]
[BlackTeamCountry "ENG"]

1. Nf3 Nf6 2. g3 g6 3. Bg2 Bg7 4. d4 0-0 5. c4 d6 6. Nc3 Nc6 7. 0-0 a6 8. Qc2 Rb8 9. a3 Na5 10. Qa4 c5 11. dxc5 Bd7 12. Qc2 dxc5 13. Bf4 Rc8 14. Ne5 Bf5 15. e4 Be6 16. Rad1 Qe8 17. Nd5 Nh5 18. Nd3 Nxf4 19. N3xf4 Bg4 20. f3 Bd7 21. Nb6 Rd8 22. Rd3 Nc6 23. Rfd1 Nd4 24. Qd2 Ba4 25. Nxa4 Qxa4 26. Kh1 Qxc4 27. Bf1 Qa4 28. Nd5 e6 29. Nc3 Qc6 30. Ne2 Nxf3 31. Qe3 Rxd3 32. Rxd3 Ne5 33. Rd2 Nc4 34. Qd3 Nxd2 35. Qxd2 Qxe4+ 36. Bg2 Qb1+ 37. Ng1 Bd4 0-1

[Event "BCF-ch U13"]
[Site "Aberystwyth"]
[Date "2014.07.25"]
[Round "6"]
[White "Jina, Asha"]
[Black "Mulay, Partha"]
[Result "1-0"]
[WhiteElo "135"]
[BlackElo "128"]
[PlyCount "109"]
[EventDate "2014.07.22"]
[EventType "swiss"]
[EventRounds "7"]
[EventCountry "WLS"]
[SourceTitle "CBM 161 Extra"]
[Source "ChessBase"]
[SourceDate "2014.08.29"]
[SourceVersion "1"]
[SourceVersionDate "2014.08.29"]
[SourceQuality "1"]

1. e4 e6 2. d4 d5 3. Nc3 Nf6 4. Bg5 Be7 5. e5 Nfd7 6. Bxe7 Qxe7 7. f4 c5 8. Nb5 0-0 9. Nc7 Nc6 10. Nxa8 f6 11. Nf3 fxe5 12. dxe5 Rxf4 13. g3 Rf8 14. Bg2 Ndxe5 15. 0-0 b6 16. Nxe5 Rxf1+ 17. Qxf1 Nxe5 18. Qf4 Qf6 19. Qxf6 gxf6 20. Nc7 a6 21. Rf1 Kf7 22. Rf4 Ng6 23. Rf2 Ke7 24. Bf1 b5 25. Re2 Ne5 26. Bh3 Nf3+ 27. Kf2 Nd4 28. Rd2 f5 29. c3 Nc6 30. Re2 Nd8 31. Nxd5+ Kf7 32. Nf4 Kf6 33. Nd3 c4 34. Ne5 Nf7 35. Nxf7 Kxf7 36. Bg2 Kf6 37. Rd2 Ke7 38. Ke3 e5 39. Rd5 Ke6 40. Rd8 Bd7 41. Ra8 a5 42. Rxa5 Kd6 43. Ra6+ Ke7 44. Bc6 Bxc6 45. Rxc6 e4 46. Rb6 h5 47. Rxb5 Ke6 48. a4 Kd6 49. a5 Kc6 50. Rb4 f4+ 51. gxf4 h4 52. a6 h3 53. a7 Kd6 54. a8Q Ke7 55. Rb6 1-0

[Event "BCF-ch U13"]
[Site "Aberystwyth"]
[Date "2014.07.22"]
[Round "1"]
[White "Jina, Asha"]
[Black "Cocks, Elliot"]
[Result "1-0"]
[WhiteElo "135"]
[BlackElo "100"]
[PlyCount "101"]
[EventDate "2014.07.22"]
[EventType "swiss"]
[EventRounds "7"]
[EventCountry "WLS"]
[SourceTitle "CBM 161 Extra"]
[Source "ChessBase"]
[SourceDate "2014.08.29"]
[SourceVersion "1"]
[SourceVersionDate "2014.08.29"]
[SourceQuality "1"]

1. e4 g6 2. d4 Bg7 3. Nc3 d6 4. Be3 a6 5. Qd2 b5 6. f3 Nd7 7. h4 h5 8. 0-0-0 Bb7 9. g4 e6 10. Bg5 Ne7 11. Be2 hxg4 12. fxg4 b4 13. Nb1 Bxe4 14. Bf3 Bxf3 15. Nxf3 a5 16. Rdf1 c5 17. Qf4 f6 18. Nfd2 Rf8 19. Ne4 Nd5 20. Qxd6 Nc7 21. Bf4 e5 22. dxe5 Ra6 23. exf6 Nxf6 24. Nxf6+ Qxf6 25. Qxf6 Raxf6 26. Re1+ Ne6 27. Be5 Ke7 28. Bxf6+ Bxf6 29. h5 Rd8 30. c3 Kf7 31. Rhf1 gxh5 32. gxh5 Rh8 33. Rf5 Ng7 34. Rxc5 Nxh5 35. Rh1 Nf4 36. Rxh8 Nd3+ 37. Kc2 Nxc5 38. Rh5 Be7 39. Nd2 bxc3 40. Kxc3 Ne6 41. Rxa5 Bf6+ 42. Kb3 Nd4+ 43. Kc4 Nc6 44. Rb5 Ne5+ 45. Kd5 Nd3 46. Ne4 Bg7 47. b4 Nf4+ 48. Kc4 Ne2 49. a4 Nd4 50. Rb7+ Kg6 51. Rxg7+ 1-0

[Event "High Wycombe e2e4 Major op"]
[Site "High Wycombe"]
[Date "2014.05.10"]
[Round "2"]
[White "Jina, Asha"]
[Black "Bending, Peter R"]
[Result "1/2-1/2"]
[WhiteElo "1535"]
[BlackElo "1630"]
[PlyCount "76"]
[EventDate "2014.05.09"]
[EventType "swiss"]
[EventRounds "5"]
[EventCountry "ENG"]
[SourceTitle "EXT 2015"]
[Source "ChessBase"]
[SourceDate "2014.11.20"]
[SourceVersion "1"]
[SourceVersionDate "2014.11.20"]
[SourceQuality "1"]

1. e4 e6 2. d4 d5 3. Nc3 Nf6 4. Bg5 Be7 5. e5 Nfd7 6. Bxe7 Qxe7 7. f4 a6 8. Nf3 c5 9. Bd3 Nc6 10. 0-0 cxd4 11. Ne2 Qc5 12. Kh1 0-0 13. Nexd4 Nxd4 14. Nxd4 Qb6 15. Nb3 g6 16. Qg4 Qd8 17. Rf3 Qe7 18. Nd4 Qb4 19. Nb3 Nxe5 20. a3 Qa4 21. Nc5 Nxg4 22. Nxa4 b5 23. Nc5 e5 24. fxe5 Nxe5 25. Rf6 Nd7 26. Nxd7 Bxd7 27. Rd6 Be6 28. a4 Rfb8 29. h3 bxa4 30. Rxa4 Rxb2 31. Raxa6 Rxa6 32. Rxa6 Kg7 33. Ra5 Kf6 34. Kh2 h5 35. Rc5 Ke5 36. Ra5 Kd4 37. Ra6 Ke5 38. Ra5 Kd4 1/2-1/2